00442nam a2200109Ia 4500008004100000050002500041100003100066245011700097260008600214300002000300521001200320140724s9999 xx 000 0 und d aRC 451.4b.B336 2014 aBattung, Christine Lianne. 2aA comparative study of coping mechanisms between foreign and local nursing students /cChristine Lianne Battung. aLas Piñas, Philippines :bSouthville International School and Colleges,cc2014. a49 p. :c28 cm. aNursing